<?xml version="1.0" encoding="UTF-8"?>
<record
    xmlns:xsi="http://www.w3.org/2001/XMLSchema-instance"
    xsi:schemaLocation="http://www.loc.gov/MARC21/slim http://www.loc.gov/standards/marcxml/schema/MARC21slim.xsd"
    xmlns="http://www.loc.gov/MARC21/slim">

  <leader>01917nam a22002657a 4500</leader>
  <controlfield tag="003">OSt</controlfield>
  <controlfield tag="005">20240215101142.0</controlfield>
  <controlfield tag="008">240209s2006    |||||||| |||| 00| 0 spa d</controlfield>
  <datafield tag="020" ind1=" " ind2=" ">
    <subfield code="a">987224622X</subfield>
  </datafield>
  <datafield tag="040" ind1=" " ind2=" ">
    <subfield code="c">besoc</subfield>
  </datafield>
  <datafield tag="245" ind1="0" ind2="0">
    <subfield code="a">Nueva historia de Santa Fe /</subfield>
    <subfield code="c">Dar&#xED;o G. Barriera, director</subfield>
  </datafield>
  <datafield tag="260" ind1=" " ind2=" ">
    <subfield code="a">Rosario : </subfield>
    <subfield code="b">Prohistoria Ediciones, </subfield>
    <subfield code="c">2006</subfield>
  </datafield>
  <datafield tag="300" ind1=" " ind2=" ">
    <subfield code="a">12 v. </subfield>
  </datafield>
  <datafield tag="505" ind1="0" ind2=" ">
    <subfield code="a">Tomo 1. Los pueblos originarios / Juan Nobile -- Tomo 2. Conquista y colonizaci&#xF3;n hisp&#xE1;nica : Santa Fe la Vieja (1573-1660) / Dar&#xED;o G. Barriera -- Tomo 3. Econom&#xED;a y sociedad : (siglos XVI a XVIII) / Dar&#xED;o Barriera -- Tomo 4. Adi&#xF3;s a la monarqu&#xED;a : de los a&#xF1;os revolucionarios a la crisis de 1820 / Griselda B. Tarrag&#xF3;, Dar&#xED;o G. Barriera -- Tomo 5. De la autonom&#xED;a a la integraci&#xF3;n : Santa Fe entre 1820 y 1853 / Griselda B. Tarrag&#xF3; -- Tomo 6. La organizaci&#xF3;n productiva y pol&#xED;tica del territorio provincial (1853-1912) / Marta S. Bonaudo -- Sociabilidad, corporaciones, instituciones (1860-1930) / Sandra R. Fern&#xE1;ndez -- Tomo 8. Identidad y vida cotidiana (1860-1930) / Sandra R. Fern&#xE1;ndez -- Tomo 9. El Siglo Veinte : problemas sociales, pol&#xED;tica de Estado y econom&#xED;as regionales : 1912-1976 / Oscar R. Videla -- Tomo 10. La sociedad en movimiento : expresiones culturales, sociales y deportivas (Siglo XX) / Diego P. Rold&#xE1;n -- Tomo 11. De los cordones industriales a la integraci&#xF3;n del eje Mercosur (1940-2005) / Gabriela &#xC1;guila -- Tomo 12. El tiempo presente / Gabriela &#xC1;guila, Oscar Ruben Videla.- </subfield>
  </datafield>
  <datafield tag="651" ind1=" " ind2="4">
    <subfield code="a">Santa Fe (Argentina)</subfield>
    <subfield code="x">Historia</subfield>
  </datafield>
  <datafield tag="700" ind1="1" ind2=" ">
    <subfield code="a">Barriera, Dar&#xED;o G. </subfield>
    <subfield code="e">director</subfield>
    <subfield code="e">autor</subfield>
  </datafield>
  <datafield tag="700" ind1="1" ind2=" ">
    <subfield code="a">Nobile, Juan</subfield>
    <subfield code="e">autor</subfield>
  </datafield>
  <datafield tag="700" ind1="1" ind2=" ">
    <subfield code="a">Tarrag&#xF3;, Griselda B. </subfield>
    <subfield code="e">autor</subfield>
  </datafield>
  <datafield tag="700" ind1="1" ind2=" ">
    <subfield code="a">Marta S. Bonaudo </subfield>
    <subfield code="e">autor</subfield>
  </datafield>
  <datafield tag="700" ind1="1" ind2=" ">
    <subfield code="a">Fern&#xE1;ndez, Sandra R. </subfield>
    <subfield code="e">autor</subfield>
  </datafield>
  <datafield tag="700" ind1="1" ind2=" ">
    <subfield code="a">Oscar R. Videla</subfield>
    <subfield code="e">autor</subfield>
  </datafield>
  <datafield tag="700" ind1="1" ind2=" ">
    <subfield code="a">Rold&#xE1;n, Diego P. </subfield>
    <subfield code="e">autor</subfield>
  </datafield>
  <datafield tag="700" ind1="1" ind2=" ">
    <subfield code="a">&#xC1;guila, Gabriela </subfield>
    <subfield code="e">autor</subfield>
  </datafield>
  <datafield tag="942" ind1=" " ind2=" ">
    <subfield code="2">udc</subfield>
    <subfield code="c">OG</subfield>
    <subfield code="n">0</subfield>
  </datafield>
  <datafield tag="999" ind1=" " ind2=" ">
    <subfield code="c">195</subfield>
    <subfield code="d">195</subfield>
  </datafield>
  <datafield tag="952" ind1=" " ind2=" ">
    <subfield code="0">0</subfield>
    <subfield code="1">0</subfield>
    <subfield code="2">udc</subfield>
    <subfield code="4">0</subfield>
    <subfield code="7">0</subfield>
    <subfield code="8">CG</subfield>
    <subfield code="a">ESOCIALES</subfield>
    <subfield code="b">ESOCIALES</subfield>
    <subfield code="d">2024-02-15</subfield>
    <subfield code="h">T.01</subfield>
    <subfield code="l">0</subfield>
    <subfield code="o">94(821.6) N964</subfield>
    <subfield code="p">000906</subfield>
    <subfield code="r">2024-02-15 00:00:00</subfield>
    <subfield code="w">2024-02-15</subfield>
    <subfield code="y">OG</subfield>
  </datafield>
  <datafield tag="952" ind1=" " ind2=" ">
    <subfield code="0">0</subfield>
    <subfield code="1">0</subfield>
    <subfield code="2">udc</subfield>
    <subfield code="4">0</subfield>
    <subfield code="7">0</subfield>
    <subfield code="8">CG</subfield>
    <subfield code="a">ESOCIALES</subfield>
    <subfield code="b">ESOCIALES</subfield>
    <subfield code="d">2024-02-15</subfield>
    <subfield code="h">T.02</subfield>
    <subfield code="l">0</subfield>
    <subfield code="o">94(821.6) N964</subfield>
    <subfield code="p">000905</subfield>
    <subfield code="r">2024-02-15 00:00:00</subfield>
    <subfield code="w">2024-02-15</subfield>
    <subfield code="y">OG</subfield>
  </datafield>
  <datafield tag="952" ind1=" " ind2=" ">
    <subfield code="0">0</subfield>
    <subfield code="1">0</subfield>
    <subfield code="2">udc</subfield>
    <subfield code="4">0</subfield>
    <subfield code="7">0</subfield>
    <subfield code="8">CG</subfield>
    <subfield code="a">ESOCIALES</subfield>
    <subfield code="b">ESOCIALES</subfield>
    <subfield code="d">2024-02-15</subfield>
    <subfield code="h">T.03</subfield>
    <subfield code="l">0</subfield>
    <subfield code="o">94(821.6) N964</subfield>
    <subfield code="p">000911</subfield>
    <subfield code="r">2024-02-15 00:00:00</subfield>
    <subfield code="w">2024-02-15</subfield>
    <subfield code="y">OG</subfield>
  </datafield>
  <datafield tag="952" ind1=" " ind2=" ">
    <subfield code="0">0</subfield>
    <subfield code="1">0</subfield>
    <subfield code="2">udc</subfield>
    <subfield code="4">0</subfield>
    <subfield code="7">0</subfield>
    <subfield code="8">CG</subfield>
    <subfield code="a">ESOCIALES</subfield>
    <subfield code="b">ESOCIALES</subfield>
    <subfield code="d">2024-02-15</subfield>
    <subfield code="h">T.04</subfield>
    <subfield code="l">0</subfield>
    <subfield code="o">94(821.6) N964</subfield>
    <subfield code="p">000904</subfield>
    <subfield code="r">2024-02-15 00:00:00</subfield>
    <subfield code="w">2024-02-15</subfield>
    <subfield code="y">OG</subfield>
  </datafield>
  <datafield tag="952" ind1=" " ind2=" ">
    <subfield code="0">0</subfield>
    <subfield code="1">0</subfield>
    <subfield code="2">udc</subfield>
    <subfield code="4">0</subfield>
    <subfield code="7">0</subfield>
    <subfield code="8">CG</subfield>
    <subfield code="a">ESOCIALES</subfield>
    <subfield code="b">ESOCIALES</subfield>
    <subfield code="d">2024-02-15</subfield>
    <subfield code="h">T.05</subfield>
    <subfield code="l">0</subfield>
    <subfield code="o">94(821.6) N964</subfield>
    <subfield code="p">000912</subfield>
    <subfield code="r">2024-02-15 00:00:00</subfield>
    <subfield code="w">2024-02-15</subfield>
    <subfield code="y">OG</subfield>
  </datafield>
  <datafield tag="952" ind1=" " ind2=" ">
    <subfield code="0">0</subfield>
    <subfield code="1">0</subfield>
    <subfield code="2">udc</subfield>
    <subfield code="4">0</subfield>
    <subfield code="7">0</subfield>
    <subfield code="8">CG</subfield>
    <subfield code="a">ESOCIALES</subfield>
    <subfield code="b">ESOCIALES</subfield>
    <subfield code="d">2024-02-15</subfield>
    <subfield code="h">T.06</subfield>
    <subfield code="l">0</subfield>
    <subfield code="o">94(821.6) N964</subfield>
    <subfield code="p">000907</subfield>
    <subfield code="r">2024-02-15 00:00:00</subfield>
    <subfield code="w">2024-02-15</subfield>
    <subfield code="y">OG</subfield>
  </datafield>
  <datafield tag="952" ind1=" " ind2=" ">
    <subfield code="0">0</subfield>
    <subfield code="1">0</subfield>
    <subfield code="2">udc</subfield>
    <subfield code="4">0</subfield>
    <subfield code="7">0</subfield>
    <subfield code="8">CG</subfield>
    <subfield code="a">ESOCIALES</subfield>
    <subfield code="b">ESOCIALES</subfield>
    <subfield code="d">2024-02-15</subfield>
    <subfield code="h">T.07</subfield>
    <subfield code="l">0</subfield>
    <subfield code="o">94(821.6) N964</subfield>
    <subfield code="p">000903</subfield>
    <subfield code="r">2024-02-15 00:00:00</subfield>
    <subfield code="w">2024-02-15</subfield>
    <subfield code="y">OG</subfield>
  </datafield>
  <datafield tag="952" ind1=" " ind2=" ">
    <subfield code="0">0</subfield>
    <subfield code="1">0</subfield>
    <subfield code="2">udc</subfield>
    <subfield code="4">0</subfield>
    <subfield code="7">0</subfield>
    <subfield code="8">CG</subfield>
    <subfield code="a">ESOCIALES</subfield>
    <subfield code="b">ESOCIALES</subfield>
    <subfield code="d">2024-02-15</subfield>
    <subfield code="h">T.08</subfield>
    <subfield code="l">0</subfield>
    <subfield code="o">94(821.6) N964</subfield>
    <subfield code="p">000902</subfield>
    <subfield code="r">2024-02-15 00:00:00</subfield>
    <subfield code="w">2024-02-15</subfield>
    <subfield code="y">OG</subfield>
  </datafield>
  <datafield tag="952" ind1=" " ind2=" ">
    <subfield code="0">0</subfield>
    <subfield code="1">0</subfield>
    <subfield code="2">udc</subfield>
    <subfield code="4">0</subfield>
    <subfield code="7">0</subfield>
    <subfield code="8">CG</subfield>
    <subfield code="a">ESOCIALES</subfield>
    <subfield code="b">ESOCIALES</subfield>
    <subfield code="d">2024-02-15</subfield>
    <subfield code="h">T.09</subfield>
    <subfield code="l">0</subfield>
    <subfield code="o">94(821.6) N964</subfield>
    <subfield code="p">000901</subfield>
    <subfield code="r">2024-02-15 00:00:00</subfield>
    <subfield code="w">2024-02-15</subfield>
    <subfield code="y">OG</subfield>
  </datafield>
  <datafield tag="952" ind1=" " ind2=" ">
    <subfield code="0">0</subfield>
    <subfield code="1">0</subfield>
    <subfield code="2">udc</subfield>
    <subfield code="4">0</subfield>
    <subfield code="7">0</subfield>
    <subfield code="8">CG</subfield>
    <subfield code="a">ESOCIALES</subfield>
    <subfield code="b">ESOCIALES</subfield>
    <subfield code="d">2024-02-15</subfield>
    <subfield code="h">T.10</subfield>
    <subfield code="l">0</subfield>
    <subfield code="o">94(821.6) N964</subfield>
    <subfield code="p">000908</subfield>
    <subfield code="r">2024-02-15 00:00:00</subfield>
    <subfield code="w">2024-02-15</subfield>
    <subfield code="y">OG</subfield>
  </datafield>
  <datafield tag="952" ind1=" " ind2=" ">
    <subfield code="0">0</subfield>
    <subfield code="1">0</subfield>
    <subfield code="2">udc</subfield>
    <subfield code="4">0</subfield>
    <subfield code="7">0</subfield>
    <subfield code="8">CG</subfield>
    <subfield code="a">ESOCIALES</subfield>
    <subfield code="b">ESOCIALES</subfield>
    <subfield code="d">2024-02-15</subfield>
    <subfield code="h">T.11</subfield>
    <subfield code="l">0</subfield>
    <subfield code="o">94(821.6) N964</subfield>
    <subfield code="p">000909</subfield>
    <subfield code="r">2024-02-15 00:00:00</subfield>
    <subfield code="w">2024-02-15</subfield>
    <subfield code="y">OG</subfield>
  </datafield>
  <datafield tag="952" ind1=" " ind2=" ">
    <subfield code="0">0</subfield>
    <subfield code="1">0</subfield>
    <subfield code="2">udc</subfield>
    <subfield code="4">0</subfield>
    <subfield code="7">0</subfield>
    <subfield code="8">CG</subfield>
    <subfield code="a">ESOCIALES</subfield>
    <subfield code="b">ESOCIALES</subfield>
    <subfield code="d">2024-02-15</subfield>
    <subfield code="h">T.12</subfield>
    <subfield code="l">0</subfield>
    <subfield code="o">94(821.6) N964</subfield>
    <subfield code="p">000910</subfield>
    <subfield code="r">2024-02-15 00:00:00</subfield>
    <subfield code="w">2024-02-15</subfield>
    <subfield code="y">OG</subfield>
  </datafield>
</record>
